[Event "WchT 6th"]
[Site "Beersheba"]
[Date "2005.11.04"]
[Round "4.4"]
[White "Zhang, Zhong"]
[Black "Roiz, Michael"]
[Result "1-0"]
[WhiteElo "2598"]
[BlackElo "2600"]
[Annotator "Roiz,M"]
[PlyCount "119"]
[EventDate "2005.11.01"]
[EventType "team-tourn"]
[EventRounds "9"]
[EventCountry "ISR"]
[SourceTitle "CBM 110"]
[Source "ChessBase"]
[SourceDate "2006.01.31"]
[SourceVersion "1"]
[SourceVersionDate "2006.01.31"]
[SourceQuality "1"]
[WhiteTeam "China"]
[BlackTeam "Israel"]
[WhiteTeamCountry "CHN"]
[BlackTeamCountry "ISR"]

1. e4 e6 2. d4 d5 3. Nc3 Nf6 4. e5 {It was a real surprise for me, since my
opponent usually goes for 4.Bg5.} Nfd7 5. f4 c5 6. Nf3 Nc6 7. Be3 a6 8. Qd2 b5
9. a3 {A very fashionable line - white restricts black's active play on the
queen-side.} g5 $5 {An original idea of Morozevich - black breaks white's
centre at cost of weakening his king-side.} 10. fxg5 {White accepts the
challenge and avoids the exchange of his dark-squared bishop.} (10. Nxg5 cxd4
11. Bxd4 Nxd4 12. Qxd4 Bc5 13. Qd2 Qb6 $44 {0-1 Ivanov,A-Lintchevski,D/St
Petersburg RUS 2005 (47)}) (10. Ne2 g4 11. Nfg1 f6 $132) 10... cxd4 11. Nxd4
$146 {This natural tackle is a novelty.} (11. Bxd4 Bg7 12. O-O-O O-O 13. Na2
Nxd4 14. Nxd4 Nxe5 15. h4 Nc4 16. Bxc4 bxc4 17. Kb1 Rb8 $132 {1/2-1/2 Anand,
V-Morozevich,A/Monte Carlo MNC 2005 (38)}) 11... Ncxe5 $1 {This tackle is the
most logical, as it allows black to complete his development quite comfortably.
} ({After} 11... Ndxe5 {white's chances should be better:} 12. Be2 Qc7 (12...
Bg7 13. O-O O-O 14. Nxc6 Nxc6 15. Bc5 $36) 13. O-O Bg7 14. Nxc6 Nxc6 15. Bh5
O-O 16. Bc5 Ne7 17. b4 $14) 12. Be2 {Preparing queen-side castle, since on the
opposite side the king may be attacked very quickly, like in Anand-Morozevich.}
Bb7 {Not a real mistake, but there was no reason to remove the Bc8 from it's
diagonal.} ({More flexible would be:} 12... Bg7 13. O-O (13. Nxd5 $6 exd5 14.
Nf5 O-O 15. Nxg7 Kxg7 16. Qxd5 Rb8 $15) 13... O-O 14. b3 Bb7 15. a4 b4 16. Na2
a5 17. c3 bxc3 18. Nxc3 Nc5 19. Rac1 Rc8 $132) 13. Bh5 Qe7 {Taking control of
Pe6.} ({Deserved attention also:} 13... Ng6 $5 14. O-O Bg7 {with a solid
position.}) 14. O-O Bg7 15. Nce2 {Sending the knight towards g3 white is
clearing the c-file and neutralizes black's possible counterplay.} O-O 16. b3
Rac8 ({I have also calculated:} 16... Ng6 17. Ng3 f5 18. gxf6 Nxf6 19. Be2 {
with slighty better chances for white.} (19. Bg5 Qc5 $1 20. Be3 Qe7 $11)) 17.
Ng3 f5 $2 {A nervous move which leads to a very unpleasant position.} (17...
Nc6 {also doesn't solve black's problems:} 18. c3 $14 Nc5 $140 $2 19. Ndf5 exf5
20. Nxf5 $18) ({But much better would be:} 17... Nc5 $142 18. Be2 (18. Rf2 Ne4
19. Nxe4 dxe4 $132) 18... Ne4 19. Nxe4 dxe4 $132 {with a very complicated play.
}) 18. gxf6 Nxf6 (18... Rxf6 19. Bg5 Rxf1+ 20. Rxf1 Qc5 21. Kh1 $36) (18...
Bxf6 19. Bh6 Bg7 20. Bxg7 Kxg7 21. Qe3 $36) 19. Bh6 $1 {After exchanging the
dark-squared bishops black's king becomes very vulnerable.} (19. Bg5 $143 Qc5
$1 (19... Nc6 20. c3 Qc5 21. Be3 $14) 20. c3 Ned7 $132) 19... Nfd7 {I tried to
simplify the position by swapping the rooks.} (19... Nxh5 20. Nxh5 Bxh6 21.
Qxh6 $16 Ng6 $140 $2 22. Nxe6 $18) (19... Ne4 20. Nxe4 dxe4 21. Bxg7 Kxg7 $16)
(19... Bxh6 20. Qxh6 Nc6 21. Qg5+ (21. c3 Nxd4 22. cxd4 Qg7 23. Qxg7+ Kxg7 24.
Rac1 $14) 21... Kh8 22. Nxc6 Rxc6 23. Rf2 $36 {[%csl Rh8][%cal Ga1f1]}) 20.
Bxg7 Kxg7 21. Be2 {Freeing a spot for the Ng3.} Kg8 (21... Rxf1+ 22. Rxf1 Rf8
$2 23. Rxf8 Kxf8 24. Qh6+ $18) ({Maybe} 21... Kh8 $5 {was a bit better, but
actually it shouldn't make much difference.}) 22. Qh6 Rf6 23. Rxf6 Qxf6 24.
Qxf6 ({Another tempting continuation was:} 24. Qe3 Nf7 25. Rf1 Qe5 26. Qd2 $16
{with a strong pressure.}) 24... Nxf6 25. Rf1 Ned7 {This move forces white to
exchange the pawns, since e6-e5 is a real threat now.} (25... Kf7 26. Nh5 Ned7
27. Bg4 Ke7 28. Bxe6 $18) (25... Nfd7 26. Nxe6 (26. Bd1) 26... Rxc2 27. Nd4 $16
) 26. Nxe6 Rxc2 27. Nd4 {White has a clear strategical advantage due to
preferablity of his pawn structure and ugly position of Bb7.} Rd2 $2 {A loss
of time, since white is planning to play Ng3-f5 anyway.} (27... Rc3 {is not a
real improvement in view of:} 28. Ngf5 Ne4 29. g4 $16) ({But after the correct
} 27... Ra2 $142 28. Rc1 Ne8 $1 {I failed to find something convincing for
white. For instance,} 29. Ngf5 Rxa3 30. Bh5 Nef6 31. Bf3 Ne8 32. Re1 Nef6 33.
Re7 Bc8) 28. Ngf5 Nc5 ({Hopeless would be:} 28... Ne4 29. Rc1 Ndc5 30. b4 Nb3
31. Nxb3 Rxe2 32. Na5 Ba8 33. Nd4 $18 {[%csl Ra8][%cal Gc1c8]}) 29. b4 Nce4 {
It looks like black has consolidated somehow, but white's next move adds him
troubles.} 30. Rc1 $1 {There is no comfortable defence against the penetration
of Rc1.} Ne8 (30... Ra2 31. Rc7 Ra1+ 32. Bf1 Nd2 33. Ng3 Nfe4 34. Ndf5 Nxg3 35.
Nxg3 h5 36. h4 $18) 31. Bh5 Ng7 $2 {Decisive mistake.} ({The only way to hold
on was:} 31... N8d6 32. Rc7 Bc8 33. Nxd6 (33. Ne7+ $2 Kf8 34. Nxc8 Rxd4 35.
Nxd6 Nxd6 $132) 33... Nxd6 34. Nb3 Rb2 35. Bf3 Be6 36. Nd4 Bf7 37. Ra7 $16 {
although white has a great advantage.}) 32. Bf3 Nxf5 (32... Ne8 33. Nb3 Rd3 34.
Na5 $18) 33. Nxf5 $18 {Now black cannot avoid the loss of material.} Ra2 ({
An attempt to activate the king fails to:} 33... Kf7 34. Rc7+ Kf6 35. g4 Nf2 (
35... Ba8 36. Ra7 Ng5 37. Bg2 $18) 36. Rxb7 Nh3+ (36... h5 37. Ng3 Nh3+ 38. Kh1
Nf2+ 39. Kg2 hxg4 40. Be2 $18) 37. Kh1 Nf2+ 38. Kg2 Nxg4+ 39. Kg3 Nxh2 40. Kf4
Nxf3 (40... Rf2 41. Nd4) 41. Rb6+ Kf7 42. Kxf3 Rd3+ 43. Kf4 Rxa3 44. Ke5 Ra4
45. Rb7+ Kg6 46. Rg7+ Kh5 47. Kf6 h6 48. Rg3 Rxb4 49. Rh3+ Kg4 50. Rh4+ $18)
34. h4 Kf7 {A desperate move, but there was nothing better.} (34... a5 35. Rc7
Ba6 36. Ne7+ Kf8 37. Nxd5 Nd2 38. Ra7 Rxa3 39. Rxa6 axb4 40. Rf6+ Kg7 41. h5
$18) 35. Rc7+ $2 {A strange choice - there was nothing wrong with winning the
piece!} ({After} 35. Bxe4 dxe4 36. Nd6+ Ke6 37. Nxb7 $18 {black should resign.}
) 35... Kf6 36. Ne3 Nd6 {At the same time, now black has some hopes, since his
pieces are quite active.} 37. Rxh7 Rxa3 38. Ng4+ {Now black has to make
several only moves in a row.} ({Premature would be:} 38. Rh6+ $2 Ke7 39. Nxd5+
Bxd5 40. Bxd5 Ra4 41. g4 Rxb4 42. g5 Rd4 $132 {and black gets a real
counterplay.}) 38... Ke6 (38... Kf5 39. Re7 Kf4 (39... a5 40. Kf2 $1 Bc8 41.
Re5+ Kg6 42. Rxd5 $18) 40. Nf6 Kg3 41. Rg7+ Kf4 42. h5 $18) 39. Rh6+ Ke7 (39...
Kd7 40. Nf6+ Kc7 41. h5 a5 42. Rh7+ Kb6 43. h6 axb4 44. Rxb7+ Nxb7 45. h7 $18)
40. Ne5 $1 {Now everything is ready for advancing the pawns.} a5 {Looking for
some counterplay.} 41. Rh7+ Ke6 ({Deserved attention also} 41... Kf6 $5 42.
Nd7+ Kf5 43. Nc5 Ba8 $14 {and white has nothing special here.}) 42. Nd7 axb4 $2
{Finally giving up the bishop.} ({At the same time, after} 42... Kf5 43. Nc5
Ba8 44. bxa5 Rxa5 45. Rh5+ Kg6 46. Rg5+ Kh6 47. Bxd5 b4 48. Bxa8 Rxa8 $14 {
black could get excellent drawing chances.}) 43. Bg4+ Nf5 44. Nc5+ Kf6 45. Rxb7
$18 {Now the game is over - white is able to stop black's passed pawns.} Nxh4
46. Rxb5 Rc3 ({or} 46... Ra2 47. Bh3 Rb2 48. Nd3 Rb1+ 49. Kh2 b3 50. Nc5 b2 51.
Nd3 $18) 47. Nd7+ Ke7 48. Nb6 Kd6 49. Rxb4 {The rest is just an agony.} Rc1+
50. Kh2 Rc2 51. Bh3 Nf3+ 52. Kg3 Ne5 53. Rd4 Rc3+ 54. Kh2 Rc5 55. Nc8+ Kc6 56.
Ne7+ Kd6 57. Nf5+ Kc6 58. Rd1 Ng6 59. Bg4 Ne5 60. Bf3 1-0

[Event "Grenke Chess Classic 4th"]
[Site "Karlsruhe/Baden-Baden"]
[Date "2017.04.22"]
[Round "7"]
[White "Hou, Yifan"]
[Black "Naiditsch, Arkadij"]
[Result "1/2-1/2"]
[WhiteElo "2649"]
[BlackElo "2702"]
[Annotator "Sadorra,J"]
[PlyCount "109"]
[EventDate "2017.04.15"]
[EventType "tourn"]
[EventRounds "7"]
[EventCountry "GER"]
[EventCategory "20"]
[SourceTitle "CBM 178"]
[Source "ChessBase"]
[SourceDate "2017.05.14"]
[SourceVersion "1"]
[SourceVersionDate "2017.05.14"]
[SourceQuality "1"]

1. e4 e6 2. d4 d5 3. Nc3 Nf6 4. e5 Nfd7 5. f4 c5 6. Nf3 a6 $5 {This is an old
variation in the Classical French that has been becoming trendy among
2600-2700 GMs recently.} ({Another way of reaching the line played in the game
is} 6... Qb6 7. Be3 a6) 7. Be3 (7. Ne2 {transposes to the other mainline with
the c3-knight going to e2 on the 4th or 5th move.} Nc6 8. c3 b5 9. a3 c4 {
For more details anout this type of French structure check out my annotations
in Vachier Lagrave- Naiditsch at the same event!}) 7... Qb6 8. Rb1 (8. a3 Nc6
9. Be2 cxd4 10. Nxd4 Bc5 11. Na4 Qa5+ 12. c3 (12. Nc3 Qc7 $5) 12... Bxd4 13.
Bxd4 Nxd4 14. Qxd4 Qc7 15. b4 O-O 16. O-O b5 17. Nb2 Nb6 18. a4 (18. Nd3 Na4 (
18... Bd7 19. Rfc1 (19. Nc5 Na4 $1) 19... Bc6 20. Nc5 Rfc8 $11) 19. Rfc1 Bd7
20. Bd1 Nb6 21. Nc5 Bc6 22. Bc2) 18... Bd7 19. a5 Na4 $1 (19... Nc4 $6 20. Nxc4
bxc4 21. f5 $5 (21. h4 $14) 21... exf5 $1 22. Qxd5 Rac8 $2 (22... Rae8 $1 23.
Qxc4 (23. Rad1 Bb5 24. Rxf5 g6 25. Rf2 Rxe5 $132) 23... Qxe5 $132) 23. Qd6 $16
{1-0 (46) Hoolt,S (2371)-Zatonskih,A (2445) Germany GER 2017}) 20. Nxa4 bxa4
21. Bd3 Bb5 22. Rf3 Rfc8 23. Bc2 Qe7 24. Bxa4 Rc4 $44) (8. Na4 {is the old
mainline. For more details check out annotated games by Finkel in Megabase.})
8... Nc6 9. Qd2 Qc7 ({Another way to start the queenside play is} 9... Qa7 $5
10. Ne2 b5 11. c3 Nb6 12. b3 c4 $132 {1/2-1/2 (22) Alekseev,E (2632)-Fridman,D
(2594) Tallinn EST 2017}) 10. Be2 cxd4 11. Nxd4 Bc5 ({Also possible is} 11...
Nxd4 12. Bxd4 Bc5 $11) 12. O-O Nxd4 13. Bxd4 Bxd4+ {The simplest way to
equalise.} (13... O-O {could lead to somewhat double-edged play after} 14. Nd1
$5 (14. Bf3 b6 15. Ne2 Bb7 16. c3 a5 $11) 14... Bxd4+ (14... f6 $1 15. exf6
Nxf6 16. Bf3 $5 (16. c3) 16... Bxd4+ 17. Qxd4 Qxc2 18. Ne3 Qg6 19. Rbc1 Bd7)
15. Qxd4 Qxc2 16. Nc3 Qg6 17. Rbc1 Nb8 $1 ({if} 17... f6 {then it's very
difficult and unpleasant to meet} 18. f5 $1 fxe5 19. Qxd5 exd5 20. fxg6 Rxf1+
21. Rxf1 d4 (21... Nf6 $4 22. Nxd5 $1 Nxd5 23. Rf8+ Kxf8 24. gxh7 $18) 22. Bc4+
Kh8 23. Ne4 {with a strong initiative in the ending.}) 18. Na4 Nc6 19. Qe3 Bd7
{White has compensation for the pawn, but not more. Both sides have equal
chances.}) 14. Qxd4 Qc5 15. Qxc5 (15. Rfd1 b6 {and Black is fine.}) 15... Nxc5
16. Kf2 ({The silicon monster suggests a unique plan in this French-type
ending:} 16. b4 $5 Nd7 17. a4 b6 (17... Nb8 $5) 18. Bd3 (18. a5 b5 19. Bd3 Bb7
20. Ne2 Rc8 21. Nd4 g6 22. Kf2 Ke7 23. Ke3 Nb8 $1 {After testing some logical
human moves, while White is slightly better due his space advantage I believe
Black can still hold this ending.}) 18... Ke7 19. Ne2 g5 $1 $132) 16... Bd7 17.
Bd3 Ke7 18. Ke3 Bb5 $5 (18... Rhc8 19. Ne2 Bb5 20. Nd4 f6 $11 {leads to
something similar to the game.}) 19. Bxb5 axb5 20. a3 Ra5 21. Rf3 Rc8 $2 {
It was simply not necessary to sac the exchange in this position, but most
probably Naiditsch is looking for more than equality...} (21... Nd7 22. Rg3 (
22. Kd2 g5 $1) 22... g6 23. Kd2 Nb6 $132) (21... Na6 $5 {[%cal Gb5b4]} 22. Na2
(22. b4 Rxa3 23. Kd2 Kd7 24. Nxb5 Rxf3 25. gxf3 Rf8 $132 {[%cal Gf7f6]}) 22...
Ra4 $1) 22. b4 Rxa3 23. Kd4 Ra4 24. Nxa4 Nxa4 {In return for the exchange,
Black has gained activity for his pieces and a target on the c-file which can
provide some compensation, but which may not be enough if White is accurate.}
25. Kd3 g6 26. Kd2 h5 27. g3 Rc4 28. h3 $6 ({He had to play} 28. c3 $1 {
to kill any counterplay starting with the check on d4} d4 $2 29. cxd4 Rxd4+ 30.
Rd3 Rc4 31. Rc1 $16 {only helps White.}) 28... Kd7 (28... Rd4+ $1 29. Kc1 Rc4
30. Rbb3 (30. Kd2 Rd4+ $11) 30... d4 $44 {[%csl Rc3][%cal Ga4c3]}) 29. g4 (29.
c3 $1 {And again!}) 29... Rd4+ {Black now doesn't miss his chance.} 30. Kc1
hxg4 31. hxg4 Kc6 $5 {Once again, Naiditsch continues to fight for more!} (
31... Rc4 32. Kd2 (32. Rbb3 Nb6 $44) 32... Rd4+ $11) 32. Rbb3 ({The pawn break
with} 32. f5 {doesn't work yet due to} Rxg4 33. fxe6 fxe6 34. Rf6 $4 Rg1+ $19)
32... Re4 {Preventing f4-f5.} 33. Rf1 g5 (33... Nb6 34. Rh3 Rxb4 35. Rh7 Nc4
36. Rxf7 $2 (36. Rf3 Ra4 37. c3 Ra1+ 38. Kc2 Ra2+ 39. Kc1 Ra1+ $11) 36... Ra4
37. Kd1 Ne3+ 38. Ke2 Nxf1 39. Kxf1 Rc4 40. Rf6 Kc5 41. Rxg6 Rxf4+ 42. Kg2 b4
43. Kg3 Rc4 44. Rxe6 Rxc2 {and Black has great winning chances in this ending.}
) 34. fxg5 Rxg4 35. Rxf7 Rxg5 36. Rh3 Rxe5 {With more pawns being traded off
the game gradually moves closer to a draw. Now both sides play more moves to
put pressure on each other, but neither side gains the upper hand as the
respective attacking and defensive resources on each side are equal.} 37. Rhh7
Re4 38. c3 Kd6 39. Rd7+ Ke5 40. Rh5+ Kf6 41. Rh6+ Kf5 42. Rh3 b6 43. Rf7+ Ke5
44. Rf2 Rc4 45. Re2+ Kd6 46. Kd2 d4 47. cxd4 Rxb4 48. Rh4 Rb2+ 49. Kd3 Rb3+ 50.
Kc2 Rc3+ 51. Kd2 Rc6 52. Rh6 Kd5 53. Re5+ Kxd4 54. Rhxe6 Rxe6 55. Rxe6 {
and they eventually agreed to a draw. An interesting choice of opening line by
Naiditsch, who seemed to have easily gained equality from the opening stage,
and great fighting spirit from both players in the complex ending.} 1/2-1/2

[Event "EU-Cup 32nd"]
[Site "Novi Sad"]
[Date "2016.11.08"]
[Round "3.3"]
[White "Predke, Alexandr"]
[Black "Shirov, Alexei"]
[Result "1-0"]
[WhiteElo "2579"]
[BlackElo "2677"]
[Annotator "Sadorra,J"]
[PlyCount "99"]
[EventDate "2016.11.06"]
[EventType "team-swiss"]
[EventRounds "7"]
[EventCountry "SRB"]
[SourceTitle "CBM 176"]
[Source "ChessBase"]
[SourceDate "2017.01.17"]
[SourceVersion "1"]
[SourceVersionDate "2017.01.17"]
[SourceQuality "1"]
[WhiteTeam "Zhiguli"]
[BlackTeam "Novy Bor"]
[WhiteTeamCountry "RUS"]
[BlackTeamCountry "CZE"]

1. e4 e6 2. d4 d5 3. Nc3 Nf6 4. e5 Nfd7 5. f4 c5 6. Nf3 Nc6 7. Be3 Be7 8. Qd2
O-O 9. Be2 b6 10. h4 $5 {There have been only 4 games played with this move so
far and it's an interesting way to create problems for Black.} ({The mainline
usually continues} 10. O-O f5 11. exf6 (11. Nd1 cxd4 (11... a5 $5 12. c3 Ba6)
12. Nxd4 Nxd4 13. Bxd4 Nc5) 11... Nxf6 12. Kh1 Bb7 {where Black is doing fine
theoretically.}) 10... f6 ({The most principled is to strike in the centre} 
10... cxd4 {which Predke also faced earlier during the year} 11. Nxd4 $6 (11.
Bxd4 {looks artificial} Nxd4 12. Nxd4 Bb7 $132) 11... Nxd4 ({I'm sure White
covered taking the pawn in his prep, and it's probably impossible to defend it
successfully otb} 11... Bxh4+ 12. g3 $1 Bxg3+ 13. Kd1 $1 (13. Kf1 Nxd4 14. Bxd4
f6 15. Qd3 g6 16. Qxg3 fxe5 17. Be3 (17. Bd3 Qf6 $5 (17... exd4 18. Bxg6 Qf6
19. Bd3+ Qg7 20. Qxg7+ Kxg7 21. Rxh7+ Kf6 22. Nb5 Nc5 23. Ke2 e5 $1 $11) 18.
Bf2 Qxf4 19. Kg1 Bb7 $44 (19... a6 $5) (19... e4 20. Be2 Ne5 $44)) 17... d4 $19
) 13... Ncxe5 $5 (13... Nxd4 14. Bxd4 f6 (14... h6 15. Qe3 Bh4 16. Qh3 Be7 17.
Kd2 $18 {[%cal Ga1g1,Rg1g8]}) 15. Qd3 $18 g6 16. Qxg3 fxe5 17. fxe5 $18) 14.
fxe5 Nxe5 15. Kc1 $1 (15. Rg1 Bh4) 15... Bh4 16. Nf3 Bf6 17. Nxe5 Bxe5 18. Bd3
$40) 12. Bxd4 f6 (12... Bxh4+ 13. g3 Bxg3+ 14. Kd1) (12... Nb8 $1 $146 13.
O-O-O Nc6 14. Be3 Bc5 $132) 13. exf6 Bxf6 14. O-O-O Nc5 15. Qe3 $14 {1-0 (41)
Predke,A (2550)-Grachev,B (2639) Kolomna RUS 2016}) 11. dxc5 $1 $146 ({Two
months earlier than this game, White tried} 11. exf6 Nxf6 12. O-O-O Nh5 13. Ne5
Nxe5 14. fxe5 Ng3 15. Rh3 {but Black has a good game after} Nf5 (15... Ne4 $6 {
0-1 (24) Bruchmann,S (2294)-Romero Holmes,A (2450) Pontevedra ESP 2016}) ({
or simply} 15... Nxe2+ $5 16. Nxe2 Ba6) 16. Kb1 Bd7 $1 (16... c4 17. Bg5 b5 18.
g4 b4 19. Nb5 $16) 17. Bg1 (17. Bg5 Nxd4) (17. dxc5 Nxe3 18. Rxe3 Bxc5 (18...
bxc5 19. Nxd5 $1) 19. Rf3 Qe7 $11) 17... c4 18. g4 (18. h5 Bg5 19. Qe1 b5 $17)
18... Nxh4 19. Be3 g5 $15 (19... b5 20. g5)) 11... Nxc5 (11... bxc5 $2 12. Nxd5
) (11... Bxc5 12. Nxd5 Ndxe5 {The best way to justify allowing Nxd5} 13. Nxf6+
$1 Qxf6 (13... gxf6 14. fxe5 Nxe5 15. Bxc5 bxc5 16. Nxe5 Qxd2+ 17. Kxd2 fxe5
18. Rhf1 Bb7 19. Ke3 $16) 14. fxe5 Nxe5 15. Bxc5 bxc5 16. O-O $1 Nxf3+ 17. Rxf3
Rd8 $1 (17... Qd4+ 18. Qxd4 cxd4 19. Rd1 $16) (17... Qxb2 18. Rxf8+ Kxf8 19.
Qd8+ Kf7 20. Rf1+ $18) (17... Qxh4 18. Rxf8+ Kxf8 19. Qd6+ $18) 18. Qf4 Qxf4
19. Rxf4 Rd2 20. Rd1 Rxd1+ 21. Bxd1 Bb7 22. Bg4 Bd5 23. b3 $14) 12. Bb5 (12.
O-O-O {this natural move may be better:} fxe5 (12... Qc7 13. exf6 Bxf6 14. Kb1
(14. g4 Bxc3 15. Qxc3 Ne4 16. Qe1 e5 $1 $132) 14... Bb7 $1 (14... Bd7 15. g4
$40) 15. Nb5 (15. g4 $2 d4 $17) 15... Qe7 16. c3 (16. g4 $6 d4 $1 17. Nbxd4
Nxd4 18. Bxd4 Rad8 $44) (16. Qe1) 16... Ne4 17. Qc2 $14) 13. Nxe5 Nxe5 14. fxe5
Qc7 (14... Bb7 15. Bg4 Qd7 16. Kb1 Rac8 17. h5 $36) (14... Bd7 $2 15. Nxd5 exd5
16. Bxc5 $16) 15. Bd4 $14) 12... Bb7 (12... Bd7 $5 {is worth exploring.}) 13.
exf6 Bxf6 14. Bxc6 Bxc6 15. Bd4 (15. O-O-O Rc8 16. Bd4 Be8 $1 {a nice manoeuvre
} (16... Ne4 17. Nxe4 dxe4 18. Ne5 $14 Bd5 (18... Qd5 19. Kb1 e3 20. Qxe3 Qxg2
21. Rhg1 Qe4 22. Qh3 (22. Qf2 Bxe5 23. Bxe5 Qxe5 $19) 22... Bd5 23. Bc3 {
this position seems easier to play for White in practice as Black has to be
more careful.}) 19. Kb1 Qc7 20. Rh3 Rfd8 21. b3 $14) 17. Qe3 Bh5 18. Kb1 Qc7
$132 (18... Kh8 19. Rd2 Bxf3 20. Qxf3 Bxd4 21. Rxd4) 19. Rd2 (19. Bxc5 Qxc5 20.
Qxe6+ Bf7 $17) (19. Rdf1 Ne4 $1 20. Ne5 Bxe5 21. Bxe5 Qc4 $36) 19... Bxf3 20.
gxf3 (20. Qxf3 Bxd4 21. Rxd4 Ne4 $17) 20... Bxd4 21. Rxd4 Kh8 $15) 15... Ne4
16. Qe3 Ng3 $5 {Black chooses to sacrifice a pawn to obtain activity and
practical chances to equalise.} ({Other ways to maintain the balance are} 16...
Nxc3 $5 {which is strategically risky but Black can obtain dynamic counterplay}
17. Qxc3 Ba4 $1 {an idea worth remembering which can be used in similar
situations} 18. Qd2 Rc8 19. c3 Qe7 $132) ({and} 16... Rc8 17. O-O-O Qc7 18. Ne5
Ba4 $1 {again!} 19. Kb1 Nxc3+ 20. Bxc3 Bxe5 21. fxe5 Qc4 $36 (21... b5 22. a3
a5 23. Rd4)) 17. Rh3 Nf5 18. Qxe6+ Kh8 19. Qxc6 Bxd4 $1 (19... Nxd4 20. Nxd4
Bxd4 21. O-O-O Bxc3 22. Rxc3 Rxf4 23. g3 $1 Rf5 24. Rcd3 $16) 20. O-O-O Be3+ ({
Another way to play for compensation was} 20... Ne7 21. Qe6 Bxc3 22. bxc3 Rf6
$8 23. Qe3 $16 {but Shirov probably didn't like it due to a lack of
counterplay against White's plan of a kingside pawn storm and to stick a
knight on e5, and he is correct if he indeed foresaw this line.}) 21. Kb1 d4 (
21... Bxf4 22. Nxd5 Rc8 23. Qa4 $16 {also doesn't give Black enough
compensation.}) 22. Qe4 (22. Ne2 $5) 22... Qe8 23. Qxe8 Raxe8 24. Ne2 (24. Nd5
Nh6 (24... Nd6 25. Nxe3 Rxe3 26. Rxd4 $16) 25. h5 $1 Ng4 26. Rh4 Nf2 27. Re1
$16) 24... Nh6 ({A more stubborn defence was} 24... Re4 $5 25. Ng5 (25. a3 h5
$132) (25. g4 Nh6) (25. h5 Bf2 26. Nc1 $14) 25... Ree8 26. a3 Bf2 $132) 25.
Nfxd4 Ng4 (25... Bxd4 26. Nxd4 Rxf4 (26... Ng4 $1 {similar to the game}) 27.
Nb5 a5 (27... Nf5 28. h5) 28. Nd6 $16) 26. Rf1 Bxd4 27. Nxd4 Ne3 (27... Rxf4
28. Rhf3 Rxf3 29. gxf3 Nh2 30. Rd1 Kg8 31. Kc1 Rf8 32. Rd3 Rf4 $132) 28. Rg1
Rxf4 29. c3 h5 $6 {Allows White to activate his passive rook and consolidate.}
(29... Nc4 $1 {I like this move as it prevents both Rf3 and Re1!} 30. b3 Nd6
31. Rc1 Ne4 (31... Rf2 32. Rc2) 32. Nf3 (32. Rc2 Nxc3+) 32... Rg4 33. Rc2 h6
$14 {and White still has a huge technical task ahead of him.}) 30. Re1 $1 Rfe4
31. Re2 Nd5 (31... Ng4 32. Rxe4 Rxe4 33. Rf3 $16) 32. Rxe4 $6 {Obviously it's
difficult to play all the best moves in this complex ending, but usually it is
easier to play the side with the long-term advantage.} (32. Rf2 $142 Rg4 33.
Rh1 $16) 32... Rxe4 33. Kc2 Nf4 ({To keep drawing chances alive Black had to
calculate accurately and find} 33... Rg4 34. g3 Ne3+ 35. Kd3 (35. Kb3 Kh7 36.
a4 a5) (35. Kd2 $2 Nf1+) 35... Nd1 $1 36. Rh2 Rxg3+ 37. Kc4 g5 $132) 34. Rg3 g6
35. Kd2 (35. Rg5 Kg7 36. a4 a5 37. g3 {the point. Now his knight is almost
trapped} Ne6 (37... Ng2 38. Kd3) (37... Nh3 38. Rb5 Re3 39. Rxb6 Rxg3 40. b4
$18) 38. Nxe6+ Rxe6 39. b4 $18) 35... Re5 36. a4 Kg7 37. b4 a5 38. b5 $1 $18 {
Fixes a target on b6. Black has no counterplay and can only wait for the
invasion by White's pieces.} Kh6 (38... Nd5 39. c4 Nf6 40. Re3 $18) 39. Kc2 Ne2
40. Rd3 Nf4 41. Rf3 Nxg2 42. Rf6 Ne3+ 43. Kb3 Rc5 44. Rc6 Nd5 45. Ne6 Rxc6 46.
bxc6 g5 47. hxg5+ Kh7 48. Nf4 Nc7 49. c4 h4 50. c5 {Black resigns.} 1-0